[Event "Titled Tuesday intern op 23rd Apr Late"]
[Site "Chess.com INT"]
[Date "2024.04.23"]
[Round "2"]
[White "Uzcategui Rodriguez, Alejandro"]
[Black "Jimenez Salas, Maria Teresa"]
[Result "1/2-1/2"]
[WhiteElo "2248"]
[BlackElo "1946"]
[PlyCount "274"]
[EventDate "2024.04.23"]
[EventType "swiss (blitz)"]
[EventRounds "11"]
[EventCountry "USA"]
[SourceTitle "CB18_2024"]
[SourceDate "2024.05.01"]
[SourceVersion "1"]
[SourceVersionDate "2024.05.01"]
[SourceQuality "2"]

1. Nf3 d5 2. d4 Nf6 3. c3 c5 4. dxc5 e6 5. b4 a5 6. a3 Nc6 7. Bb2 axb4 8. cxb4 b6 9. cxb6 Qxb6 10. e3 Be7 11. Bd3 0-0 12. 0-0 Ba6 13. Bxa6 Rxa6 14. Nc3 Rfa8 15. b5 R6a7 16. a4 Na5 17. Nd2 Nd7 18. Ne2 Nb7 19. e4 dxe4 20. Nxe4 Nbc5 21. Qd4 e5 22. Qd5 Nxe4 23. Qxe4 Qe6 24. Nc3 Nc5 25. Qd5 f6 26. Qxe6+ Nxe6 27. b6 Ra6 28. Nd5 Bc5 29. a5 Rxa5 30. b7 Rxa1 31. Rxa1 Rd8 32. Ra8 Bd6 33. Ba3 Bb8 34. g3 Kf7 35. Ne7 Nd4 36. Bc5 Ke6 37. Bxd4 Kxe7 38. Ba7 Bxa7 39. Rxa7 Rb8 40. Ra6 Kd7 41. Kg2 Kc7 42. Re6 Rxb7 43. Re7+ Kc6 44. Re8 Kd5 45. Kf3 Kd6 46. h4 Re7 47. Rg8 Ke6 48. Ra8 Kf7 49. Ra6 Rb7 50. Ra8 Rb3+ 51. Kg2 Kg6 52. Ra7 Rd3 53. Ra5 Rd7 54. Ra6 Re7 55. Ra5 Kf5 56. Ra4 g5 57. hxg5 fxg5 58. Ra6 Kg4 59. Ra4+ Kh5 60. Re4 h6 61. Ra4 Kg6 62. Ra6+ Kg7 63. Kf3 Rf7+ 64. Kg2 Rf6 65. Ra5 Re6 66. Kf3 Kf6 67. Ke4 Rb6 68. Ra4 Ke6 69. Kf3 Kf5 70. Ra5 g4+ 71. Kg2 Re6 72. Ra4 Kg5 73. Ra8 Rf6 74. Rg8+ Kf5 75. Re8 h5 76. Rh8 Kg5 77. Rg8+ Kf5 78. Rh8 Kg6 79. Rg8+ Kf7 80. Rh8 Rf5 81. Rh6 Kg7 82. Ra6 Rf6 83. Ra5 Re6 84. Rb5 Kf6 85. Ra5 Kg5 86. Rb5 h4 87. gxh4+ Kxh4 88. Rb4 Kg5 89. Ra4 Kf5 90. Kg3 Rg6 91. Rb4 Rc6 92. Ra4 Rc3+ 93. Kg2 e4 94. Ra8 Rc2 95. Rf8+ Ke5 96. Kg3 Kd4 97. Rd8+ Ke5 98. Rf8 Rc3+ 99. Kxg4 Rc2 100. Re8+ Kf6 101. Kh4 Kf7 102. Rxe4 Rxf2 103. Kg4 Rf6 104. Ra4 Rg6+ 105. Kf5 Rf6+ 106. Ke5 Re6+ 107. Kd5 Re7 108. Rf4+ Ke8 109. Kd6 Rd7+ 110. Kc6 Rd2 111. Rh4 Ke7 112. Rh7+ Kf6 113. Rh1 Kf5 114. Rf1+ Ke4 115. Kc5 Ke3 116. Rf8 Rd7 117. Re8+ Kf4 118. Kc6 Rd1 119. Rf8+ Ke5 120. Kc5 Rc1+ 121. Kb4 Kd6 122. Kb3 Kd5 123. Kb2 Rc7 124. Rf5+ Kd4 125. Rf1 Kd3 126. Rd1+ Ke2 127. Rd6 Ke3 128. Re6+ Kd3 129. Rh6 Kd2 130. Kb3 Kd3 131. Kb4 Kd4 132. Kb5 Kd5 133. Rh5+ Kd6 134. Rh1 Rc2 135. Rd1+ Ke5 136. Re1+ Kd5 137. Rd1+ Ke5 1/2-1/2

[Event "San Vicente op 8th"]
[Site "San Vicente"]
[Date "2024.03.28"]
[Round "2"]
[White "Uzcategui Rodriguez, Alejandro"]
[Black "Macias Pino, Diego"]
[Result "1-0"]
[WhiteElo "2219"]
[BlackElo "2477"]
[PlyCount "125"]
[EventDate "2024.03.27"]
[EventType "swiss"]
[EventRounds "9"]
[EventCountry "ESP"]
[SourceTitle "CB14_2024"]
[SourceDate "2024.04.01"]
[SourceVersion "1"]
[SourceVersionDate "2024.04.01"]
[SourceQuality "1"]

1. d4 Nf6 2. c4 c5 3. d5 e6 4. Nc3 exd5 5. cxd5 d6 6. Nf3 g6 7. Nd2 Bg7 8. e4 a6 9. a4 Nbd7 10. Be2 0-0 11. 0-0 Ne8 12. Re1 Rb8 13. f4 f5 14. Bc4 Bd4+ 15. Kh1 Ndf6 16. Be2 Nc7 17. Bf3 b5 18. axb5 axb5 19. e5 dxe5 20. fxe5 Bxc3 21. bxc3 Nfxd5 22. Nb3 c4 23. Na5 Nxc3 24. Qd6 Qxd6 25. exd6 N7d5 26. Re5 Nb4 27. Bb2 Ne4 28. Bxe4 fxe4 29. Re7 Rf7 30. Re8+ Rf8 31. Rxf8+ Kxf8 32. Ba3 Be6 33. Bxb4 Ke8 34. Nc6 Rc8 35. Nd4 Bd7 36. Ra3 Kf7 37. Ra7 Ke8 38. Nxb5 Bxb5 39. Re7+ Kf8 40. d7 Bxd7 41. Rxd7+ Ke8 42. Rxh7 Rc6 43. Re7+ Kd8 44. Rxe4 c3 45. Re1 c2 46. Rc1 Rc4 47. Ba5+ Kd7 48. Kg1 Kc6 49. Kf2 Kb5 50. Bd2 Ka4 51. Ke2 Kb3 52. g3 Rc7 53. h4 Re7+ 54. Kf3 Rd7 55. Be3 Kb2 56. Ke2 Kc3 57. g4 Rh7 58. Rh1 Rh8 59. h5 gxh5 60. gxh5 Rh7 61. h6 Kb2 62. Bd4+ Kb3 63. Bg7 1-0

[Event "Titled Tuesday intern op 12th Mar Late"]
[Site "Chess.com INT"]
[Date "2024.03.12"]
[Round "10"]
[White "Uzcategui Rodriguez, Alejandro"]
[Black "Ivanov, Svetlen"]
[Result "1-0"]
[WhiteElo "2219"]
[BlackElo "1837"]
[PlyCount "23"]
[EventDate "2024.03.12"]
[EventType "swiss (blitz)"]
[EventRounds "11"]
[EventCountry "USA"]
[SourceTitle "CB12_2024"]
[SourceDate "2023.10.01"]
[SourceVersion "1"]
[SourceVersionDate "2023.10.01"]
[SourceQuality "1"]

1. Nf3 Nf6 2. d4 e6 3. Bg5 Be7 4. Nbd2 d5 5. e3 0-0 6. Bd3 Nbd7 7. c3 b6 8. 0-0 Bb7 9. Qa4 c5 10. Ne5 Nxe5 11. dxe5 Nd7 12. Qh4 1-0

[Event "Titled Tuesday intern op 12th Mar Late"]
[Site "Chess.com INT"]
[Date "2024.03.12"]
[Round "6"]
[White "Uzcategui Rodriguez, Alejandro"]
[Black "Vila Dupla, Aurelio"]
[Result "1-0"]
[WhiteElo "2219"]
[BlackElo "2042"]
[PlyCount "89"]
[EventDate "2024.03.12"]
[EventType "swiss (blitz)"]
[EventRounds "11"]
[EventCountry "USA"]
[SourceTitle "CB12_2024"]
[SourceDate "2023.10.01"]
[SourceVersion "1"]
[SourceVersionDate "2023.10.01"]
[SourceQuality "1"]

1. d4 Nf6 2. Nf3 g6 3. Bg5 Bg7 4. Nbd2 d5 5. e3 0-0 6. Be2 c5 7. 0-0 cxd4 8. exd4 Nc6 9. c3 Bg4 10. Re1 h6 11. Bh4 Bxf3 12. Bxf3 e6 13. h3 Re8 14. Qb3 Qd7 15. a4 Na5 16. Qb5 Nc6 17. Nb3 b6 18. a5 Nxd4 19. Nxd4 Qxb5 20. Nxb5 Rec8 21. Bg3 Ne8 22. a6 Rc5 23. Be2 Nf6 24. Bd6 Rc6 25. Be5 Ne4 26. Bxg7 Kxg7 27. Bf3 Nd2 28. Red1 Nxf3+ 29. gxf3 Rc5 30. Nd4 Rac8 31. Kf1 e5 32. Ne2 Kf6 33. Rd2 Ke6 34. f4 f6 35. fxe5 fxe5 36. Ra4 Rf8 37. Kg2 Rc7 38. f4 Rcf7 39. c4 dxc4 40. Rxc4 exf4 41. Kf3 g5 42. Rc6+ Ke7 43. Rxh6 Rf5 44. Nd4 Ra5 45. Nc6+ 1-0

[Event "Gran Canaria Vecindario op 1st"]
[Site "Gran Canaria"]
[Date "2023.11.04"]
[Round "2"]
[White "Rivero Reyes, Alejandro"]
[Black "Uzcategui Rodriguez, Alejandro"]
[Result "0-1"]
[WhiteElo "1641"]
[BlackElo "2156"]
[PlyCount "120"]
[EventDate "2023.11.04"]
[EventType "swiss"]
[EventRounds "9"]
[EventCountry "ESP"]
[SourceTitle "CB46_2023"]
[SourceDate "2023.11.15"]
[SourceVersion "1"]
[SourceVersionDate "2023.11.15"]
[SourceQuality "1"]

1. Nf3 Nc6 2. e4 e6 3. d4 d5 4. Nc3 Nf6 5. Bg5 Be7 6. Bxf6 Bxf6 7. e5 Be7 8. a3 f5 9. h4 Nb8 10. Qd2 b6 11. Qf4 Ba6 12. Bxa6 Nxa6 13. g4 0-0 14. gxf5 Rxf5 15. Qg4 Qf8 16. Ng5 Bxg5 17. hxg5 Qf7 18. Qe2 Nb8 19. Rh2 Nd7 20. 0-0-0 Rf8 21. Rdh1 Rxf2 22. Rxf2 Qxf2 23. Qh5 Qf5 24. Nb5 Rf7 25. Nxa7 g6 26. Qh4 c5 27. Nc6 cxd4 28. Nd8 Qf4+ 29. Qxf4 Rxf4 30. Nxe6 Rf5 31. Nxd4 Rxe5 32. Rg1 Nc5 33. b4 Ne4 34. Kb2 Rxg5 35. Rf1 h5 36. Ne6 Rf5 37. Rg1 Kf7 38. Nd8+ Kf6 39. Nc6 h4 40. a4 Nd6 41. a5 bxa5 42. bxa5 Nc4+ 43. Kc3 Nxa5 44. Nxa5 d4+ 45. Kxd4 Rxa5 46. c4 g5 47. c5 Ra4+ 48. Kd5 Ra2 49. c6 Rd2+ 50. Ke4 Rc2 51. Kd5 h3 52. Rf1+ Kg6 53. Rh1 g4 54. Kd6 Kg5 55. c7 Kh4 56. Kd7 g3 57. Rd1 h2 58. Rd4+ Kh3 59. Rd6 Rxc7+ 60. Kxc7 h1Q 0-1

[Event "Titled Tuesday intern op 26th Sep Early"]
[Site "Chess.com INT"]
[Date "2023.09.26"]
[Round "5"]
[White "Marchesich, Giovanni"]
[Black "Uzcategui Rodriguez, Alejandro"]
[Result "0-1"]
[WhiteElo "2206"]
[BlackElo "2235"]
[PlyCount "94"]
[EventDate "2023.09.26"]
[EventType "swiss (blitz)"]
[EventRounds "11"]
[EventCountry "USA"]
[SourceTitle "EXT 2024"]
[Source "ChessBase"]
[SourceDate "2023.10.10"]
[SourceVersion "1"]
[SourceVersionDate "2023.10.10"]
[SourceQuality "1"]

1. d4 Nf6 2. Nc3 d6 3. e4 Nbd7 4. Bg5 e5 5. Nf3 Be7 6. Bc4 0-0 7. 0-0 c6 8. a4 b6 9. Re1 a6 10. Qd2 Rb8 11. Bf1 b5 12. axb5 axb5 13. h3 Re8 14. d5 cxd5 15. exd5 b4 16. Nb5 Nc5 17. Na7 Nfe4 18. Bxe7 Qxe7 19. Nc6 Nxd2 20. Nxe7+ Rxe7 21. Nxd2 Bf5 22. Nc4 Rd7 23. Ne3 Bg6 24. Bb5 Rdd8 25. Bc6 h6 26. Ra7 f5 27. Nc4 f4 28. Rea1 Bxc2 29. Rc7 Rbc8 30. Re7 Ba4 31. Bxa4 Nxa4 32. Nxd6 Rxd6 33. Rxa4 Rxd5 34. Raa7 Rc1+ 35. Kh2 Rdd1 36. Rxg7+ Kf8 37. Raf7+ Ke8 38. g3 Rh1+ 39. Kg2 Rhg1+ 40. Kf3 fxg3 41. Re7+ Kd8 42. Rd7+ Kc8 43. fxg3 Rgf1+ 44. Ke4 Rce1+ 45. Kd5 Rd1+ 46. Kc6 Rxd7 47. Rxd7 Rc1+ 0-1

[Event "Titled Tuesday intern op 12th Sep Late"]
[Site "Chess.com INT"]
[Date "2023.09.12"]
[Round "1"]
[White "Kosakowski, Jakub"]
[Black "Uzcategui Rodriguez, Alejandro"]
[Result "1-0"]
[WhiteElo "2494"]
[BlackElo "2235"]
[PlyCount "59"]
[EventDate "2023.09.12"]
[EventType "swiss (blitz)"]
[EventRounds "11"]
[EventCountry "USA"]
[SourceTitle "EXT 2024"]
[Source "ChessBase"]
[SourceDate "2023.10.10"]
[SourceVersion "1"]
[SourceVersionDate "2023.10.10"]
[SourceQuality "1"]

1. e4 e6 2. d3 d5 3. Qe2 d4 4. f4 c5 5. Nf3 Nc6 6. g3 Bd6 7. Bg2 Nge7 8. Nbd2 f6 9. 0-0 e5 10. fxe5 Nxe5 11. Nxe5 Bxe5 12. Nc4 0-0 13. Nxe5 fxe5 14. Bg5 Be6 15. Qh5 Qd7 16. Bxe7 Qxe7 17. Qxe5 h6 18. Bh3 Rfe8 19. Bxe6+ Qxe6 20. Qxc5 Rac8 21. Qxd4 Rxc2 22. Rf2 Rec8 23. Qxa7 b6 24. Raf1 Rxf2 25. Rxf2 Qh3 26. Qf7+ Kh8 27. Qf5 Rc1+ 28. Rf1 Rxf1+ 29. Qxf1 Qd7 30. Qf8+ 1-0

[Event "Titled Tuesday intern op 29th Aug Early"]
[Site "Chess.com INT"]
[Date "2023.08.29"]
[Round "6"]
[White "Manukyan, Sargis A"]
[Black "Uzcategui Rodriguez, Alejandro"]
[Result "1-0"]
[WhiteElo "2237"]
[BlackElo "2256"]
[PlyCount "79"]
[EventDate "2023.08.29"]
[EventType "swiss (blitz)"]
[EventRounds "11"]
[EventCountry "USA"]
[SourceTitle "EXT 2024"]
[Source "ChessBase"]
[SourceDate "2023.10.10"]
[SourceVersion "1"]
[SourceVersionDate "2023.10.10"]
[SourceQuality "1"]

1. d4 d6 2. Nf3 Nf6 3. e3 Nbd7 4. Be2 e5 5. dxe5 dxe5 6. 0-0 Be7 7. b3 0-0 8. Bb2 e4 9. Nfd2 c6 10. c4 Qc7 11. Nc3 Nc5 12. b4 Nd3 13. Bxd3 exd3 14. a3 Ng4 15. g3 Qe5 16. Nf3 Qf6 17. Nd5 Qxb2 18. Nxe7+ Kh8 19. Nxc8 Raxc8 20. Qxd3 Nf6 21. Rfb1 Rcd8 22. Qxh7+ Kxh7 23. Rxb2 Rd3 24. Ne5 Rd6 25. c5 Rd5 26. Nc4 Rfd8 27. Nd6 Rd7 28. Rc1 b6 29. Rbc2 bxc5 30. bxc5 Rd3 31. Rc3 Rd2 32. Rc4 Kg6 33. Ne4 Ra2 34. Nxf6 Kxf6 35. Rf4+ Kg6 36. Rg4+ Kh5 37. Rxg7 Rxa3 38. Rc4 Ra1+ 39. Kg2 Ra2 40. Rh4# 1-0

[Event "Titled Tuesday intern op 29th Aug Late"]
[Site "Chess.com INT"]
[Date "2023.08.29"]
[Round "6"]
[White "Uzcategui Rodriguez, Alejandro"]
[Black "De Souza, Arthur Olintho"]
[Result "1-0"]
[WhiteElo "2256"]
[BlackElo "2113"]
[PlyCount "67"]
[EventDate "2023.08.29"]
[EventType "swiss (blitz)"]
[EventRounds "11"]
[EventCountry "USA"]
[SourceTitle "EXT 2024"]
[Source "ChessBase"]
[SourceDate "2023.10.10"]
[SourceVersion "1"]
[SourceVersionDate "2023.10.10"]
[SourceQuality "1"]

1. d4 d5 2. Nf3 Nf6 3. c3 Bf5 4. Qb3 b6 5. Bg5 Nbd7 6. e3 e6 7. Ne5 h6 8. Bh4 g5 9. Bg3 Bd6 10. Bb5 0-0 11. Nxd7 Nxd7 12. Bxd6 cxd6 13. Nd2 a6 14. Be2 b5 15. 0-0 Nb6 16. f4 g4 17. Qd1 Qh4 18. g3 Qh3 19. Rf2 Nc4 20. Nxc4 bxc4 21. b3 cxb3 22. axb3 Kh7 23. b4 h5 24. Bf1 h4 25. Bxh3 hxg3 26. hxg3 gxh3 27. Qh5+ Kg7 28. Qg5+ Kh7 29. g4 Rg8 30. Qh5+ Kg7 31. gxf5 Kf6+ 32. Kh2 Rg2+ 33. Rxg2 hxg2 34. Qg5# 1-0

[Event "Titled Tuesday intern op 29th Aug Early"]
[Site "Chess.com INT"]
[Date "2023.08.29"]
[Round "1"]
[White "Uzcategui Rodriguez, Alejandro"]
[Black "Skvortsov, Andrei"]
[Result "1-0"]
[WhiteElo "2256"]
[BlackElo "2294"]
[PlyCount "85"]
[EventDate "2023.08.29"]
[EventType "swiss (blitz)"]
[EventRounds "11"]
[EventCountry "USA"]
[SourceTitle "EXT 2024"]
[Source "ChessBase"]
[SourceDate "2023.10.10"]
[SourceVersion "1"]
[SourceVersionDate "2023.10.10"]
[SourceQuality "1"]

1. d4 e6 2. Nf3 c5 3. e4 cxd4 4. Nxd4 Nc6 5. Nc3 Nf6 6. g3 d5 7. Bg2 dxe4 8. Nxc6 Qxd1+ 9. Kxd1 bxc6 10. Nxe4 Nd5 11. c3 Ba6 12. Kc2 0-0-0 13. Rd1 h6 14. h4 Be7 15. Bf1 Bb7 16. Nd2 Bc5 17. Ne4 Bb6 18. g4 f5 19. gxf5 exf5 20. Bh3 Kb8 21. Bxf5 Rhf8 22. Bg6 Bxf2 23. Nxf2 Rxf2+ 24. Kb3 Kc7 25. h5 a5 26. a4 Ba6 27. Ka3 Rdf8 28. Bd2 R8f3 29. Be1 Re2 30. Rd2 Rf1 31. Bg3+ Kb6 32. Rxf1 Rxd2 33. Rf2 Rd1 34. Be5 Bc4 35. b3 Bd3 36. Bxg7 Bxg6 37. hxg6 Rg1 38. c4 Nb4 39. Bxh6 Ra1+ 40. Kb2 Rg1 41. Be3+ Kc7 42. Rf7+ Kd6 43. Bxg1 1-0

[Event "ESP-chT CECLUB Div2"]
[Site "Linares"]
[Date "2023.08.14"]
[Round "2.37"]
[White "Uzcategui Rodriguez, Alejandro"]
[Black "Sanz Wawer, Daniel"]
[Result "0-1"]
[WhiteElo "2256"]
[BlackElo "2368"]
[PlyCount "148"]
[EventDate "2023.08.13"]
[EventType "team-swiss"]
[EventRounds "7"]
[EventCountry "ESP"]
[SourceTitle "EXT 2024"]
[Source "ChessBase"]
[SourceDate "2023.10.10"]
[SourceVersion "1"]
[SourceVersionDate "2023.10.10"]
[SourceQuality "1"]
[WhiteTeam "La Caja Fundacion"]
[BlackTeam "Silla Integrant II"]
[WhiteTeamCountry "ESP"]
[BlackTeamCountry "ESP"]

1. d4 Nf6 2. c4 e6 3. Nf3 d5 4. Nc3 Bb4 5. cxd5 exd5 6. Bg5 0-0 7. e3 h6 8. Bxf6 Qxf6 9. Qb3 Qd6 10. Bd3 Nd7 11. 0-0 c6 12. a3 Ba5 13. Qc2 Nf6 14. Rfc1 a6 15. b4 Bc7 16. b5 axb5 17. Nxb5 Qe7 18. Nxc7 Qxc7 19. a4 Be6 20. Nd2 Rfc8 21. Nb3 b6 22. Qc3 Ne4 23. Qe1 c5 24. dxc5 Nxc5 25. Bb5 Bd7 26. Nd4 Bxb5 27. axb5 Rxa1 28. Rxa1 Ne6 29. Nc6 Qd6 30. Qc3 Kh8 31. Ra6 d4 32. Qd3 Nc5 33. Qf5 Re8 34. Ra1 dxe3 35. fxe3 Qd2 36. Qf2 Qxe3 37. Qxe3 Rxe3 38. Ra8+ Kh7 39. Rb8 Na4 40. Ra8 Nc3 41. Rb8 Nxb5 42. Rxb6 Re6 43. Rxb5 Rxc6 44. Kf2 g6 45. Ra5 Kg7 46. Rb5 Rd6 47. Ra5 Re6 48. Rb5 g5 49. Kf3 Kg6 50. h3 f6 51. Rb4 Rc6 52. h4 Rc3+ 53. Kf2 f5 54. hxg5 hxg5 55. g4 f4 56. Rb6+ Kf7 57. Rb5 Kf6 58. Rb6+ Ke5 59. Rb5+ Ke4 60. Rb4+ Kd5 61. Ra4 Rc5 62. Kf3 Ke5 63. Kf2 Rc2+ 64. Kf1 f3 65. Rb4 Re2 66. Ra4 Re4 67. Ra3 Kf4 68. Kf2 Re2+ 69. Kf1 Kxg4 70. Ra5 Kf4 71. Ra8 g4 72. Ra4+ Kg3 73. Ra3 Rc2 74. Ra1 Rh2 0-1

[Event "La Palma Island op"]
[Site "Santa Cruz de La Palma"]
[Date "2023.08.11"]
[Round "9"]
[White "Uzcategui Rodriguez, Alejandro"]
[Black "Del Rio de Angelis, Salvador Gabriel"]
[Result "0-1"]
[WhiteElo "2256"]
[BlackElo "2424"]
[PlyCount "78"]
[EventDate "2023.08.05"]
[EventType "swiss"]
[EventRounds "9"]
[EventCountry "ESP"]
[SourceTitle "CBM 215 Extra"]
[Source "ChessBase"]
[SourceDate "2023.09.30"]
[SourceVersion "1"]
[SourceVersionDate "2023.09.30"]
[SourceQuality "1"]

1. c4 e6 2. g3 d5 3. Bg2 c6 4. b3 Nf6 5. Nf3 Be7 6. 0-0 0-0 7. Bb2 a5 8. d3 a4 9. a3 axb3 10. Qxb3 Nbd7 11. d4 Nb6 12. c5 Nc4 13. Bc1 e5 14. dxe5 Nd7 15. Nbd2 Nxd2 16. Bxd2 Nxc5 17. Qc2 Ne4 18. Bf4 Rxa3 19. Rxa3 Bxa3 20. Nd4 Ng5 21. Rd1 Ne6 22. e4 Qb6 23. Nxe6 fxe6 24. Be3 Qb2 25. Qd3 Be7 26. Bd4 Qa3 27. Qc2 Qa5 28. Ra1 Qb4 29. Bc3 Qb6 30. Rb1 Rxf2 31. Qxf2 Qxb1+ 32. Bf1 Qxe4 33. Qa7 Qf5 34. Qb8 Qf8 35. Bd4 c5 36. Bf2 c4 37. Bh3 Bc5 38. Bxc5 Qxc5+ 39. Kg2 Kf7 0-1

[Event "La Palma Island op"]
[Site "Santa Cruz de La Palma"]
[Date "2023.08.08"]
[Round "5"]
[White "Uzcategui Rodriguez, Alejandro"]
[Black "Rodriguez Bittar, Karim Javier"]
[Result "1-0"]
[WhiteElo "2256"]
[BlackElo "1895"]
[PlyCount "105"]
[EventDate "2023.08.05"]
[EventType "swiss"]
[EventRounds "9"]
[EventCountry "ESP"]
[SourceTitle "CBM 215 Extra"]
[Source "ChessBase"]
[SourceDate "2023.09.30"]
[SourceVersion "1"]
[SourceVersionDate "2023.09.30"]
[SourceQuality "1"]

1. e4 c6 2. d4 d5 3. e5 c5 4. dxc5 e6 5. a3 Bxc5 6. b4 Bf8 7. Bb2 Nc6 8. Nf3 Nh6 9. Bd3 Nf5 10. Bxf5 exf5 11. 0-0 Be6 12. Nc3 Be7 13. Ne2 0-0 14. Nf4 Rc8 15. Qd2 Qd7 16. Rfd1 Rfd8 17. Rac1 Qc7 18. Qe2 Rd7 19. Nd4 Nxd4 20. Rxd4 Bg5 21. Nxe6 fxe6 22. f4 Be7 23. g4 g6 24. Kh1 Rf8 25. c4 dxc4 26. Rcxc4 Qd8 27. Qd3 Rxd4 28. Rxd4 Qb6 29. Qc4 fxg4 30. Rd7 Rd8 31. Bd4 Qc6+ 32. Qxc6 bxc6 33. Rxd8+ Bxd8 34. Bxa7 Kf7 35. Kg2 g5 36. Kg3 h5 37. Bc5 Ke8 38. a4 Kd7 39. a5 Kc8 40. f5 exf5 41. e6 Bc7+ 42. Kg2 f4 43. a6 Bb8 44. a7 Bxa7 45. Bxa7 Kd8 46. Bc5 Ke8 47. Bd6 h4 48. h3 g3 49. Bc5 Kd8 50. Bf8 Ke8 51. Bh6 Ke7 52. Bxg5+ Kxe6 53. Bxh4 1-0

[Event "Titled Tuesday intern op 01st Aug Late"]
[Site "Chess.com INT"]
[Date "2023.08.01"]
[Round "8"]
[White "Araujo Sanchez, Josue"]
[Black "Uzcategui Rodriguez, Alejandro"]
[Result "1-0"]
[WhiteElo "2318"]
[BlackElo "2256"]
[PlyCount "113"]
[EventDate "2023.08.01"]
[EventType "swiss (blitz)"]
[EventRounds "11"]
[EventCountry "USA"]
[SourceTitle "EXT 2024"]
[Source "ChessBase"]
[SourceDate "2023.10.10"]
[SourceVersion "1"]
[SourceVersionDate "2023.10.10"]
[SourceQuality "1"]

1. e4 e6 2. d4 d5 3. exd5 exd5 4. Nf3 Nc6 5. Bd3 Bg4 6. c3 Bd6 7. 0-0 Nge7 8. Nbd2 f6 9. Re1 Qd7 10. a4 0-0 11. Nf1 Bf5 12. Ng3 Bxd3 13. Qxd3 Rfe8 14. a5 a6 15. Bd2 Bxg3 16. hxg3 Qf5 17. Qe3 Qd7 18. b4 Nf5 19. Qd3 Nd6 20. Be3 Re4 21. Re2 Rae8 22. Rae1 Qe6 23. Nd2 Rg4 24. Bf4 Qd7 25. Bxd6 Rxe2 26. Qxe2 cxd6 27. Nf1 Re4 28. Qd2 Qe7 29. Re3 g6 30. f3 Re6 31. g4 Kf7 32. Rxe6 Qxe6 33. Kf2 Na7 34. g5 Nb5 35. gxf6 Qxf6 36. Ne3 Qh4+ 37. Kg1 Qf4 38. Qd3 Ke6 39. Kf2 Qh4+ 40. Ke2 Qf4 41. Kd2 Qg3 42. Qe2 Kd7 43. Nxd5 Qg5+ 44. Ne3 Na3 45. Kc1 Nc4 46. Qxc4 Qxe3+ 47. Kc2 Qf2+ 48. Kb3 Qxg2 49. Qf7+ Kc8 50. Qg8+ Kc7 51. Qxh7+ Kc8 52. Qh8+ Kc7 53. Qg7+ Kc8 54. Qf8+ Kc7 55. Qe7+ Kc6 56. d5+ Kxd5 57. Qe4# 1-0

[Event "Titled Tuesday intern op 01st Aug Late"]
[Site "Chess.com INT"]
[Date "2023.08.01"]
[Round "5"]
[White "Pein, Malcolm"]
[Black "Uzcategui Rodriguez, Alejandro"]
[Result "1-0"]
[WhiteElo "2303"]
[BlackElo "2256"]
[PlyCount "107"]
[EventDate "2023.08.01"]
[EventType "swiss (blitz)"]
[EventRounds "11"]
[EventCountry "USA"]
[SourceTitle "EXT 2024"]
[Source "ChessBase"]
[SourceDate "2023.10.10"]
[SourceVersion "1"]
[SourceVersionDate "2023.10.10"]
[SourceQuality "1"]

1. e4 e6 2. d4 d5 3. Nc3 Nf6 4. Bg5 Be7 5. e5 Nfd7 6. Bxe7 Qxe7 7. f4 a6 8. Nf3 c5 9. Qd2 Nc6 10. dxc5 Nxc5 11. Bd3 b5 12. a3 Nxd3+ 13. cxd3 b4 14. axb4 Qxb4 15. 0-0 Bd7 16. Ne2 Qxd2 17. Nxd2 Nb4 18. d4 Bb5 19. Kf2 Nd3+ 20. Ke3 Nxb2 21. Rfb1 Nc4+ 22. Nxc4 Bxc4 23. Nc3 0-0 24. Na4 Rfb8 25. Nb6 Rxb6 26. Rxb6 g6 27. Ra5 Rc8 28. Rc5 Rf8 29. Rb7 Kg7 30. Ra7 Rb8 31. Rcc7 Kh6 32. Rxf7 Rb3+ 33. Kf2 Kh5 34. h3 h6 35. Rh7 Rb2+ 36. Kg1 Bd3 37. Rhe7 Be4 38. Rxe6 Rxg2+ 39. Kf1 Rh2 40. Raxa6 Bd3+ 41. Kg1 Rxh3 42. Ra3 Rg3+ 43. Kf2 Rh3 44. Rb6 Rh2+ 45. Kg3 Rd2 46. e6 Be4 47. e7 Rg2+ 48. Kh3 g5 49. fxg5 hxg5 50. Rh6+ Kxh6 51. e8Q Rf2 52. Qh8+ Kg6 53. Ra6+ Kf5 54. Qf6# 1-0